[Event "HUN-chT2 Breyer 1819"]
[Site "Hungary"]
[Date "2019.02.10"]
[Round "5.2"]
[White "Berta, Krisztian"]
[Black "Mika, Janos"]
[Result "1/2-1/2"]
[WhiteElo "2163"]
[BlackElo "2158"]
[PlyCount "34"]
[EventDate "2018.10.28"]
[EventType "team-tourn"]
[EventRounds "9"]
[EventCountry "HUN"]
[SourceTitle "CBM 189 Extra"]
[Source "ChessBase"]
[SourceDate "2019.06.03"]
[SourceVersion "1"]
[SourceVersionDate "2019.06.03"]
[SourceQuality "1"]
[WhiteTeam "Torokbalint"]
[BlackTeam "Vizugy"]
[WhiteTeamCountry "HUN"]
[BlackTeamCountry "HUN"]

1. d4 d6 2. c4 e5 3. dxe5 dxe5 4. Qxd8+ Kxd8 5. Nc3 c6 6. Nf3 f6 7. e4 Kc7 8. Be3 Be6 9. Rc1 Bb4 10. a3 Bxc3+ 11. Rxc3 Nd7 12. c5 Nh6 13. h3 Nf7 14. Bc4 Bxc4 15. Rxc4 Nf8 16. 0-0 Ne6 17. Rd1 Rhd8 1/2-1/2

[Event "HUN-chT2 Breyer 1819"]
[Site "Hungary"]
[Date "2019.01.27"]
[Round "4.3"]
[White "Horvath, Istvan1111"]
[Black "Mika, Janos"]
[Result "1/2-1/2"]
[WhiteElo "2117"]
[BlackElo "2158"]
[PlyCount "80"]
[EventDate "2018.10.28"]
[EventType "team-tourn"]
[EventRounds "9"]
[EventCountry "HUN"]
[SourceTitle "CBM 189 Extra"]
[Source "ChessBase"]
[SourceDate "2019.06.03"]
[SourceVersion "1"]
[SourceVersionDate "2019.06.03"]
[SourceQuality "1"]
[WhiteTeam "Nyergesujfalu"]
[BlackTeam "Vizugy"]
[WhiteTeamCountry "HUN"]
[BlackTeamCountry "HUN"]

1. e4 c5 2. Nf3 d6 3. d4 cxd4 4. Nxd4 Nf6 5. Nc3 Bd7 6. f3 e5 7. Nb3 Bc6 8. Be3 Be7 9. Qd2 d5 10. exd5 Nxd5 11. Nxd5 Qxd5 12. 0-0-0 Qxd2+ 13. Rxd2 0-0 14. Be2 Nd7 15. Rhd1 Rfd8 16. c3 b6 17. Bc4 Nf6 18. Bg5 Rxd2 19. Rxd2 Rd8 20. Kc2 Rxd2+ 21. Nxd2 Kf8 22. b4 b5 23. Bd3 Nd5 24. Bxe7+ Kxe7 25. Be4 f5 26. Bxd5 Bxd5 27. c4 bxc4 28. Kc3 f4 29. Nxc4 e4 30. fxe4 Bxe4 31. g3 fxg3 32. hxg3 Bd5 33. Kd4 Ke6 34. a4 Bxc4 35. Kxc4 h5 36. b5 Kd6 37. a5 g5 38. Kd4 h4 39. gxh4 gxh4 40. Ke4 Kc5 1/2-1/2

[Event "HUN-chT2 Breyer 1516"]
[Site "Hungary"]
[Date "2016.03.20"]
[Round "9.2"]
[White "Harmatosi, Jozsef"]
[Black "Mika, Janos"]
[Result "1-0"]
[WhiteElo "2153"]
[BlackElo "2196"]
[PlyCount "83"]
[EventDate "2015.09.13"]
[EventType "team-tourn"]
[EventRounds "11"]
[EventCountry "HUN"]
[SourceTitle "EXT 2017"]
[Source "ChessBase"]
[SourceDate "2016.10.25"]
[SourceVersion "1"]
[SourceVersionDate "2016.10.25"]
[SourceQuality "1"]
[WhiteTeam "Szazhalombatta"]
[BlackTeam "Vizugy"]
[WhiteTeamCountry "HUN"]
[BlackTeamCountry "HUN"]

1. Nf3 c5 2. c3 b6 3. d4 Bb7 4. e3 Nf6 5. Nbd2 d6 6. Bd3 Nbd7 7. e4 e5 8. dxe5 dxe5 9. Qe2 Be7 10. 0-0 0-0 11. Nc4 Qc7 12. a4 Rfd8 13. Bg5 a6 14. Bxf6 Bxf6 15. Ne3 Nf8 16. Nd5 Qd6 17. Rfd1 Ng6 18. Bc4 Bxd5 19. Bxd5 Nf4 20. Qf1 Nxd5 21. Rxd5 Qc6 22. c4 g6 23. b3 Qe6 24. Rad1 Qg4 25. Qe1 Kg7 26. Rxd8 Rxd8 27. Rxd8 Bxd8 28. Nxe5 Qe6 29. Nd3 Bf6 30. e5 Bd8 31. Qe4 Bc7 32. a5 bxa5 33. g3 Qb6 34. Qd5 Qxb3 35. Nxc5 Qc3 36. e6 Bb6 37. Ne4 Qe1+ 38. Kg2 fxe6 39. Qe5+ Kh6 40. g4 Qc1 41. g5+ Kh5 42. Nf6+ 1-0

[Event "HUN-chT2 Breyer 1516"]
[Site "Hungary"]
[Date "2015.11.29"]
[Round "5.2"]
[White "Matrahalmi, Tibor"]
[Black "Mika, Janos"]
[Result "0-1"]
[WhiteElo "2279"]
[BlackElo "2205"]
[PlyCount "116"]
[EventDate "2015.09.13"]
[EventType "team-tourn"]
[EventRounds "11"]
[EventCountry "HUN"]
[SourceTitle "CBM 170 Extra"]
[Source "ChessBase"]
[SourceDate "2016.02.25"]
[SourceVersion "1"]
[SourceVersionDate "2016.02.25"]
[SourceQuality "1"]
[WhiteTeam "Naszaly Geniusz Tata"]
[BlackTeam "Vizugy"]
[WhiteTeamCountry "HUN"]
[BlackTeamCountry "HUN"]

1. e4 Nf6 2. e5 Nd5 3. d4 d6 4. c4 Nb6 5. exd6 cxd6 6. Nc3 g6 7. Be3 Bg7 8. Rc1 0-0 9. b3 Nc6 10. d5 Ne5 11. Be2 f5 12. Nh3 Nbd7 13. 0-0 Nf6 14. f4 Neg4 15. Bd4 h6 16. Nf2 Nxf2 17. Rxf2 Bd7 18. Qd2 a6 19. Bf3 Rc8 20. Qe3 Ng4 21. Bxg4 Bxd4 22. Qxd4 fxg4 23. Re1 Rf5 24. a4 Qa5 25. Rfe2 Re8 26. b4 Qxb4 27. Rb1 Qc5 28. Qxc5 dxc5 29. Rxb7 Bc8 30. Rc7 Rxf4 31. Rxc5 Ref8 32. Re1 Bf5 33. Rc7 Bd3 34. g3 Rf1+ 35. Rxf1 Rxf1+ 36. Kg2 Rc1 37. Rxe7 Rxc3 38. d6 Rc2+ 39. Kg1 Bf5 40. Rc7 Kf8 41. c5 Ke8 42. Kf1 Kd8 43. Ke1 h5 44. Kd1 Rxh2 45. Ra7 Bc2+ 46. Ke1 Bxa4 47. Rxa6 Re2+ 48. Kf1 Bb5 49. Ra8+ Kd7 50. Ra7+ Kc6 51. Rc7+ Kd5 52. Kg1 Re8 53. Kf2 Rf8+ 54. Kg1 Bc6 55. Rg7 Kxc5 56. Rxg6 Rf5 57. Rh6 Rd5 58. Kf2 Be8 0-1

[Event "HUN-chT2 Breyer 1516"]
[Site "Hungary"]
[Date "2015.09.13"]
[Round "1.1"]
[White "Dudas, Janos"]
[Black "Mika, Janos"]
[Result "1-0"]
[WhiteElo "2333"]
[BlackElo "2205"]
[PlyCount "62"]
[EventDate "2015.09.13"]
[EventType "team-tourn"]
[EventRounds "11"]
[EventCountry "HUN"]
[SourceTitle "CBM 170 Extra"]
[Source "ChessBase"]
[SourceDate "2016.02.25"]
[SourceVersion "1"]
[SourceVersionDate "2016.02.25"]
[SourceQuality "1"]
[WhiteTeam "TTC Sakk"]
[BlackTeam "Vizugy"]
[WhiteTeamCountry "HUN"]
[BlackTeamCountry "HUN"]

1. Nf3 c5 2. c4 Nc6 3. g3 g6 4. d4 cxd4 5. Nxd4 Bg7 6. Nxc6 bxc6 7. Bg2 Nf6 8. Nc3 0-0 9. 0-0 Qa5 10. Rb1 Rd8 11. e4 Rb8 12. Bd2 Qc5 13. b3 d6 14. Na4 Qh5 15. Qxh5 gxh5 16. Ba5 Rd7 17. e5 dxe5 18. Bxc6 Rd6 19. Bc7 Rxc6 20. Bxb8 Bh3 21. Rfd1 Nd7 22. Bxa7 e4 23. Be3 Ne5 24. Rd8+ Bf8 25. Nc5 Nf3+ 26. Kh1 Kg7 27. b4 e5 28. b5 Rxc5 29. Rxf8 Rxc4 30. b6 Bc8 31. Rxc8 Rxc8 1-0

[Event "HUN-chT2 Erkel 1415"]
[Site "Hungary"]
[Date "2015.01.25"]
[Round "5.2"]
[White "Radnai, Adam"]
[Black "Mika, Janos"]
[Result "1-0"]
[WhiteElo "2362"]
[BlackElo "2222"]
[PlyCount "125"]
[EventDate "2014.09.28"]
[EventType "team-tourn"]
[EventRounds "9"]
[EventCountry "HUN"]
[SourceTitle "EXT 2016"]
[Source "ChessBase"]
[SourceDate "2015.10.08"]
[SourceVersion "1"]
[SourceVersionDate "2015.10.08"]
[SourceQuality "1"]
[WhiteTeam "Budapest MTK"]
[BlackTeam "Vizugy"]
[WhiteTeamCountry "HUN"]
[BlackTeamCountry "HUN"]

1. d4 d6 2. Nf3 Bg4 3. Nbd2 e6 4. h3 Bxf3 5. Nxf3 Nf6 6. Bf4 c5 7. e3 cxd4 8. exd4 Qb6 9. Bd3 Nc6 10. 0-0 Be7 11. Qd2 Rc8 12. a4 Qa5 13. c3 Qh5 14. Be2 Ne4 15. Qe3 f5 16. Ne5 Qh4 17. Nxc6 bxc6 18. f3 Ng5 19. Bxg5 Qxg5 20. Qxe6 Rb8 21. d5 Qf6 22. Qxf6 Bxf6 23. dxc6 Rxb2 24. Rab1 Bxc3 25. Rxb2 Bxb2 26. Rb1 Bd4+ 27. Kf1 Ke7 28. Ba6 Bb6 29. a5 Bxa5 30. Rb7+ Kf6 31. Rd7 Ke6 32. Rxg7 Bc3 33. Rd7 d5 34. Rxa7 Bd4 35. Rd7 h5 36. Ke2 Be5 37. Kd3 Ra8 38. Bb7 Ra3+ 39. Kd2 Ra2+ 40. Kd1 Ra1+ 41. Kc2 Ra2+ 42. Kb3 Rb2+ 43. Ka4 Ra2+ 44. Kb5 Rb2+ 45. Ka5 Ra2+ 46. Kb6 Rb2+ 47. Ka7 Ra2+ 48. Ba6 Bd4+ 49. Kb7 Rb2+ 50. Kc8 Be5 51. c7 Rxg2 52. Bb7 Rg8+ 53. Rd8 Rg2 54. Bxd5+ Kf6 55. Rd7 Rd2 56. Kd8 Bxc7+ 57. Kxc7 Ke5 58. Kc6 h4 59. Kc5 Kf4 60. Kd6 Kg3 61. Ke5 f4 62. Ke4 Kxh3 63. Kxf4 1-0

[Event "HUN-chT2 Erkel 1415"]
[Site "Hungary"]
[Date "2014.12.14"]
[Round "6.2"]
[White "Mika, Janos"]
[Black "Kormos, Adam"]
[Result "1-0"]
[WhiteElo "2222"]
[BlackElo "2166"]
[PlyCount "62"]
[EventDate "2014.09.28"]
[EventType "team-tourn"]
[EventRounds "9"]
[EventCountry "HUN"]
[SourceTitle "EXT 2016"]
[Source "ChessBase"]
[SourceDate "2015.10.08"]
[SourceVersion "1"]
[SourceVersionDate "2015.10.08"]
[SourceQuality "1"]
[WhiteTeam "Vizugy"]
[BlackTeam "BEAC"]
[WhiteTeamCountry "HUN"]
[BlackTeamCountry "HUN"]

1. e4 g6 2. d4 Bg7 3. c4 d6 4. Nc3 Nf6 5. Be2 0-0 6. Bg5 Nbd7 7. Qd2 c5 8. d5 Qa5 9. h4 b5 10. cxb5 a6 11. f3 Re8 12. Bh6 Bh8 13. h5 e6 14. hxg6 hxg6 15. dxe6 Rxe6 16. Nh3 axb5 17. Nxb5 d5 18. Qxa5 Rxa5 19. Bd2 Ra4 20. Bd1 dxe4 21. Bxa4 exf3+ 22. Kd1 fxg2 23. Rg1 Ne5 24. Nf4 Ra6 25. Bc2 Nc4 26. Rxg2 Ng4 27. Re2 Bd7 28. Nc3 g5 29. Nd3 Rh6 30. Bb3 Rh1+ 31. Re1 Nce3+ 1-0

[Event "HUN-chT2 Erkel 1415"]
[Site "Hungary"]
[Date "2014.11.30"]
[Round "3.2"]
[White "Petran, Pal"]
[Black "Mika, Janos"]
[Result "0-1"]
[WhiteElo "2293"]
[BlackElo "2222"]
[PlyCount "64"]
[EventDate "2014.09.28"]
[EventType "team-tourn"]
[EventRounds "9"]
[EventCountry "HUN"]
[SourceTitle "EXT 2016"]
[Source "ChessBase"]
[SourceDate "2015.10.08"]
[SourceVersion "1"]
[SourceVersionDate "2015.10.08"]
[SourceQuality "1"]
[WhiteTeam "HASE"]
[BlackTeam "Vizugy"]
[WhiteTeamCountry "HUN"]
[BlackTeamCountry "HUN"]

1. d4 d6 2. Nf3 Bg4 3. Nbd2 e6 4. e4 Nf6 5. Bd3 d5 6. c3 dxe4 7. Nxe4 Nbd7 8. 0-0 Be7 9. Ng3 Nh5 10. h3 Nxg3 11. fxg3 Bh5 12. g4 Bg6 13. Bxg6 hxg6 14. Bf4 0-0 15. Qd2 Nf6 16. Rae1 c5 17. Be5 Qd5 18. b3 b5 19. Qe2 cxd4 20. Bxd4 a6 21. Rd1 Qe4 22. Qf2 Qb7 23. Ne5 g5 24. Qf3 Qxf3 25. Rxf3 Rac8 26. g3 Rfd8 27. Rfd3 Ne4 28. Kg2 f6 29. Ng6 Kf7 30. Nxe7 Kxe7 31. c4 bxc4 32. bxc4 e5 0-1

[Event "HUN-chT2 Erkel 1314"]
[Site "Hungary"]
[Date "2014.04.27"]
[Round "11.1"]
[White "Petran, Pal"]
[Black "Mika, Janos"]
[Result "1-0"]
[WhiteElo "2335"]
[BlackElo "2228"]
[PlyCount "43"]
[EventDate "2013.09.08"]
[EventType "team-tourn"]
[EventRounds "11"]
[EventCountry "HUN"]
[SourceTitle "EXT 2016"]
[Source "ChessBase"]
[SourceDate "2015.10.08"]
[SourceVersion "1"]
[SourceVersionDate "2015.10.08"]
[SourceQuality "1"]
[WhiteTeam "Budapest Honved"]
[BlackTeam "Vizugy"]
[WhiteTeamCountry "HUN"]
[BlackTeamCountry "HUN"]

1. d4 Nf6 2. c4 e6 3. Nc3 c5 4. d5 exd5 5. cxd5 d6 6. Nf3 g6 7. Bf4 Bg7 8. Qa4+ Bd7 9. Qb3 Qc7 10. h3 0-0 11. e3 a6 12. a4 Bf5 13. Nd2 Re8 14. Be2 h5 15. Nc4 Bf8 16. Nb6 Ra7 17. a5 Nbd7 18. Ra4 Ne5 19. 0-0 Nfd7 20. e4 c4 21. Qc2 Nd3 22. Rxc4 1-0

[Event "HUN-chT2 Erkel 1314"]
[Site "Hungary"]
[Date "2014.03.02"]
[Round "8.1"]
[White "Mika, Janos"]
[Black "Vajda, Levente"]
[Result "0-1"]
[WhiteElo "2228"]
[BlackElo "2597"]
[PlyCount "87"]
[EventDate "2013.09.08"]
[EventType "team-tourn"]
[EventRounds "11"]
[EventCountry "HUN"]
[SourceTitle "EXT 2016"]
[Source "ChessBase"]
[SourceDate "2015.10.08"]
[SourceVersion "1"]
[SourceVersionDate "2015.10.08"]
[SourceQuality "1"]
[WhiteTeam "Vizugy"]
[BlackTeam "Paszto"]
[WhiteTeamCountry "HUN"]
[BlackTeamCountry "HUN"]

1. e4 d6 2. d4 Nd7 3. c4 e5 4. Nf3 Ngf6 5. Nc3 Be7 6. Be2 0-0 7. 0-0 c6 8. Re1 a6 9. a4 a5 10. b3 Re8 11. Ba3 Bf8 12. d5 c5 13. Nd2 Nb8 14. Nf1 Na6 15. Ne3 Nb4 16. h3 g6 17. Ng4 Nh5 18. Bxb4 axb4 19. Nb5 Nf4 20. Bf1 f5 21. exf5 gxf5 22. Ne3 Re7 23. Kh2 Rg7 24. g3 Ng6 25. Qh5 Qf6 26. Ra2 e4 27. f4 exf3 28. Qxf3 Ne5 29. Qf4 Re7 30. Ng2 Bh6 31. Qf2 Bd7 32. a5 Kh8 33. a6 Rxa6 34. Rea1 Bxb5 35. cxb5 Rxa2 36. Rxa2 Re8 37. Ra7 Qf7 38. Nf4 Bxf4 39. Qxf4 Rf8 40. Bg2 Qe7 41. Qh6 Ng6 42. h4 f4 43. Qh5 fxg3+ 44. Kxg3 0-1

[Event "HUN-chT2 Erkel 1314"]
[Site "Hungary"]
[Date "2013.09.22"]
[Round "2.1"]
[White "Blasko, Istvan"]
[Black "Mika, Janos"]
[Result "1/2-1/2"]
[WhiteElo "2303"]
[BlackElo "2228"]
[PlyCount "30"]
[EventDate "2013.09.08"]
[EventType "team-tourn"]
[EventRounds "11"]
[EventCountry "HUN"]
[SourceTitle "EXT 2016"]
[Source "ChessBase"]
[SourceDate "2015.10.08"]
[SourceVersion "1"]
[SourceVersionDate "2015.10.08"]
[SourceQuality "1"]
[WhiteTeam "Gyongyos Matra"]
[BlackTeam "Vizugy"]
[WhiteTeamCountry "HUN"]
[BlackTeamCountry "HUN"]

1. Nf3 c5 2. g3 Nc6 3. d4 cxd4 4. Nxd4 g6 5. Bg2 Bg7 6. Nb3 d6 7. 0-0 Be6 8. Nc3 Bxc3 9. bxc3 Qd7 10. Nd4 Bh3 11. Bxh3 Qxh3 12. Nxc6 bxc6 13. Qd4 Nf6 14. f3 c5 15. Qa4+ Qd7 1/2-1/2

[Event "HUN-chT2 Erkel 1213"]
[Site "Hungary"]
[Date "2013.04.21"]
[Round "11.1"]
[White "Mika, Janos"]
[Black "Horvath, Gabor"]
[Result "0-1"]
[WhiteElo "2205"]
[BlackElo "2256"]
[PlyCount "78"]
[EventDate "2012.09.16"]
[EventType "team-tourn"]
[EventRounds "11"]
[EventCountry "HUN"]
[SourceTitle "EXT 2014"]
[Source "ChessBase"]
[SourceDate "2013.11.20"]
[SourceVersion "1"]
[SourceVersionDate "2013.11.20"]
[SourceQuality "1"]
[WhiteTeam "Vizugy"]
[BlackTeam "Barcza"]
[WhiteTeamCountry "HUN"]
[BlackTeamCountry "HUN"]

1. e4 c5 2. Nf3 Nc6 3. Bb5 e6 4. 0-0 Nge7 5. Re1 a6 6. Bf1 Ng6 7. b3 Be7 8. Bb2 e5 9. g3 d6 10. Nc3 Be6 11. Nd5 0-0 12. Ne3 Qd7 13. c3 f5 14. exf5 Bxf5 15. Nxf5 Qxf5 16. Bc4+ Kh8 17. Bd5 Qg4 18. Nh4 Qg5 19. Nxg6+ Qxg6 20. Re4 Bg5 21. Rg4 h5 22. Ra4 Ra7 23. h4 Bh6 24. Qe2 b5 25. Ra3 Ne7 26. Be4 Qf7 27. d4 d5 28. Bg2 cxd4 29. cxd4 e4 30. Bc1 Bxc1 31. Rxc1 Nf5 32. Rd1 Kg8 33. Bh3 Nd6 34. Rc1 Nf5 35. Bxf5 Qxf5 36. Rc5 Raf7 37. Rxa6 Qxf2+ 38. Qxf2 Rxf2 39. Rc1 e3 0-1

[Event "HUN-chT2 Erkel 1213"]
[Site "Hungary"]
[Date "2012.12.02"]
[Round "5.1"]
[White "Blasko, Istvan"]
[Black "Mika, Janos"]
[Result "0-1"]
[WhiteElo "2323"]
[BlackElo "2205"]
[PlyCount "40"]
[EventDate "2012.09.16"]
[EventType "team-tourn"]
[EventRounds "11"]
[EventCountry "HUN"]
[SourceTitle "EXT 2014"]
[Source "ChessBase"]
[SourceDate "2013.11.20"]
[SourceVersion "1"]
[SourceVersionDate "2013.11.20"]
[SourceQuality "1"]
[WhiteTeam "Matra"]
[BlackTeam "Vizugy"]
[WhiteTeamCountry "HUN"]
[BlackTeamCountry "HUN"]

1. d4 d6 2. c4 e5 3. Nf3 Bg4 4. dxe5 Bxf3 5. gxf3 dxe5 6. Qb3 Nc6 7. Nc3 Nd4 8. Qa4+ c6 9. f4 Qd7 10. fxe5 Qf5 11. Nd5 0-0-0 12. Ne3 Qxe5 13. Bd2 Kb8 14. 0-0-0 Nf6 15. Nc2 Bc5 16. Nxd4 Bxd4 17. Qb3 Ne4 18. Bg2 Bxf2 19. Bxe4 Qxe4 20. Rhf1 Qxe2 0-1

[Event "HUN-chT2 Erkel 1112"]
[Site "Hungary"]
[Date "2012.04.22"]
[Round "9.1"]
[White "Foldi, Kristof"]
[Black "Mika, Janos"]
[Result "1/2-1/2"]
[WhiteElo "2182"]
[BlackElo "2156"]
[PlyCount "63"]
[EventDate "2011.09.25"]
[EventType "team-tourn"]
[EventRounds "11"]
[EventCountry "HUN"]
[SourceTitle "EXT 2013"]
[Source "ChessBase"]
[SourceDate "2012.11.22"]
[SourceVersion "1"]
[SourceVersionDate "2012.11.22"]
[SourceQuality "1"]
[WhiteTeam "Matra"]
[BlackTeam "Vizugy"]
[WhiteTeamCountry "HUN"]
[BlackTeamCountry "HUN"]

1. e4 c5 2. Nf3 d6 3. d4 Nf6 4. Nc3 cxd4 5. Nxd4 Bd7 6. g3 Nc6 7. Bg2 g6 8. 0-0 Bg7 9. Nde2 0-0 10. Nd5 Nxd5 11. exd5 Ne5 12. Re1 Bg4 13. h3 Nf3+ 14. Bxf3 Bxf3 15. Qd3 Qa5 16. Rd1 Bxe2 17. Qxe2 Rac8 18. c3 Rfe8 19. Be3 b5 20. a3 Qa4 21. h4 h5 22. Bd4 Rc4 23. Bxg7 Kxg7 24. Rd3 e5 25. dxe6 Rxe6 26. Qd2 Rce4 27. Rxd6 Re2 28. Qd3 Rxd6 29. Qxd6 Rxb2 30. Qe5+ Kg8 31. Qe8+ Kg7 32. Qe5+ 1/2-1/2

[Event "HUN-chT2 Erkel 1112"]
[Site "Hungary"]
[Date "2011.10.30"]
[Round "2.2"]
[White "Mika, Janos"]
[Black "Fodre, Sandor"]
[Result "1-0"]
[WhiteElo "2156"]
[BlackElo "2181"]
[PlyCount "61"]
[EventDate "2011.09.25"]
[EventType "team-tourn"]
[EventRounds "11"]
[EventCountry "HUN"]
[SourceTitle "EXT 2013"]
[Source "ChessBase"]
[SourceDate "2012.11.22"]
[SourceVersion "1"]
[SourceVersionDate "2012.11.22"]
[SourceQuality "1"]
[WhiteTeam "Vizugy"]
[BlackTeam "Dunaharaszti"]
[WhiteTeamCountry "HUN"]
[BlackTeamCountry "HUN"]

1. Nf3 d5 2. c4 d4 3. e3 c5 4. b4 dxe3 5. fxe3 cxb4 6. d4 e6 7. Bd3 Nd7 8. 0-0 h6 9. e4 e5 10. Qa4 exd4 11. e5 Qb6 12. e6 fxe6 13. Bg6+ Ke7 14. Bb2 d3+ 15. c5 Qc6 16. Nd4 Qxc5 17. Rf7+ Kd8 18. Kh1 Ne5 19. Rxb7 Nf6 20. Rb5 Nxg6 21. Rxc5 Bxc5 22. Qc6 Bxd4 23. Bxd4 Rb8 24. Bxf6+ gxf6 25. Qd6+ Bd7 26. Qxb8+ Ke7 27. Qxb4+ Kf7 28. Nd2 Ne5 29. Nc4 a5 30. Nxe5+ fxe5 31. Rf1+ 1-0

[Event "HUN-chT2 Breyer 1011"]
[Site "Hungary"]
[Date "2011.04.17"]
[Round "9.2"]
[White "Mika, Janos"]
[Black "Ress, Tamas"]
[Result "0-1"]
[WhiteElo "2140"]
[BlackElo "2223"]
[PlyCount "62"]
[EventDate "2010.09.12"]
[EventType "team-tourn"]
[EventRounds "11"]
[EventCountry "HUN"]
[SourceTitle "EXT 2012"]
[Source "ChessBase"]
[SourceDate "2011.11.24"]
[SourceVersion "1"]
[SourceVersionDate "2011.11.24"]
[SourceQuality "1"]
[WhiteTeam "Vizugy"]
[BlackTeam "Gyor Elektromos"]
[WhiteTeamCountry "HUN"]
[BlackTeamCountry "HUN"]

1. e4 c5 2. Nf3 a6 3. c4 g6 4. d4 cxd4 5. Qxd4 Nf6 6. e5 Nc6 7. Qh4 Nxe5 8. Nxe5 Qa5+ 9. Nc3 Qxe5+ 10. Be3 Bg7 11. 0-0-0 0-0 12. Bd4 Qa5 13. Re1 Re8 14. c5 b6 15. cxb6 e5 16. Bc4 Bb7 17. Be3 d5 18. Bg5 Qxb6 19. Bb3 d4 20. Na4 Qd6 21. f3 Bd5 22. Bxd5 Nxd5 23. Kb1 Rab8 24. Bd2 Qa3 25. Qe4 Red8 26. Qc2 Rdc8 27. Qd1 Rc4 28. Ka1 Qxa4 29. b3 e4 30. fxe4 Ne3 31. bxa4 d3+ 0-1

[Event "HUN-chT2 Breyer 1011"]
[Site "Hungary"]
[Date "2011.04.10"]
[Round "8.2"]
[White "Mincsovics, Miklos"]
[Black "Mika, Janos"]
[Result "1-0"]
[WhiteElo "2223"]
[BlackElo "2140"]
[PlyCount "61"]
[EventDate "2010.09.12"]
[EventType "team-tourn"]
[EventRounds "11"]
[EventCountry "HUN"]
[SourceTitle "EXT 2012"]
[Source "ChessBase"]
[SourceDate "2011.11.24"]
[SourceVersion "1"]
[SourceVersionDate "2011.11.24"]
[SourceQuality "1"]
[WhiteTeam "Biatorbagy"]
[BlackTeam "Vizugy"]
[WhiteTeamCountry "HUN"]
[BlackTeamCountry "HUN"]

1. e4 c5 2. Nf3 d6 3. d4 Nf6 4. Nc3 cxd4 5. Nxd4 e6 6. Bc4 a6 7. Bb3 b5 8. 0-0 Bb7 9. Re1 Be7 10. Qf3 Nc6 11. Nxc6 Bxc6 12. Qg3 b4 13. Nd5 exd5 14. exd5 Nxd5 15. Qxg7 Rf8 16. Bh6 Kd7 17. Rad1 Qa5 18. Qg4+ f5 19. Qd4 Rfe8 20. Qd3 Bf6 21. Qxf5+ Kc7 22. Be3 Re5 23. Qxh7+ Ne7 24. Qh6 Ng8 25. Qg6 Rf8 26. Bxg8 Be4 27. Qg3 Bg5 28. Bb3 Bxe3 29. Qg7+ Kc6 30. Qxf8 Bxf2+ 31. Qxf2 1-0

[Event "HUN-chT2 Breyer 1011"]
[Site "Hungary"]
[Date "2010.10.24"]
[Round "4.2"]
[White "Mika, Janos"]
[Black "Szabolcsi, Janos"]
[Result "1/2-1/2"]
[WhiteElo "2140"]
[BlackElo "2330"]
[PlyCount "123"]
[EventDate "2010.09.12"]
[EventType "team-tourn"]
[EventRounds "11"]
[EventCountry "HUN"]
[SourceTitle "EXT 2012"]
[Source "ChessBase"]
[SourceDate "2011.11.24"]
[SourceVersion "1"]
[SourceVersionDate "2011.11.24"]
[SourceQuality "1"]
[WhiteTeam "Vizugy"]
[BlackTeam "Sarkany"]
[WhiteTeamCountry "HUN"]
[BlackTeamCountry "HUN"]

1. e4 c6 2. d3 d5 3. Nd2 e5 4. Ngf3 Bd6 5. g3 Nf6 6. Bg2 0-0 7. 0-0 Re8 8. b3 a5 9. a3 Nbd7 10. Bb2 d4 11. Nh4 Nf8 12. h3 Bc7 13. Qc1 Ng6 14. Nf5 Bxf5 15. exf5 Ne7 16. g4 Ned5 17. Qd1 Nf4 18. Qf3 N6d5 19. Rae1 Nxg2 20. Qxg2 Nf4 21. Qh1 c5 22. Ne4 Qh4 23. Ng3 a4 24. bxa4 Nxh3+ 25. Kg2 Nf4+ 26. Kf3 Qd8 27. Bc1 Ba5 28. Re4 Nd5 29. g5 Nf4 30. Bxf4 exf4 31. Rxe8+ Qxe8 32. Ne4 Qxa4 33. Rg1 Bd8 34. Nf6+ Bxf6 35. gxf6 Qc6+ 36. Kxf4 Qxh1 37. Rxh1 Rxa3 38. fxg7 Kxg7 39. Rg1+ Kf6 40. Rh1 Rc3 41. Rxh7 Rxc2 42. Rh6+ Kg7 43. Rb6 Rxf2+ 44. Ke4 Re2+ 45. Kd5 Re3 46. Rb3 b6 47. Rxb6 Rxd3 48. Kxc5 Rd1 49. Kc4 Rf1 50. Kxd4 Rxf5 51. Ke4 Rf1 52. Ke3 f6 53. Ke2 Rf5 54. Rb8 Kg6 55. Rg8+ Kf7 56. Rb8 Ke6 57. Re8+ Kd5 58. Ra8 Ke4 59. Ra4+ Ke5 60. Ra5+ Ke4 61. Rxf5 Kxf5 62. Kf3 1/2-1/2

[Event "HUN-chT2 Erkel 0910"]
[Site "Hungary"]
[Date "2010.05.02"]
[Round "11.1"]
[White "Mika, Janos"]
[Black "Bednay, Dezso"]
[Result "0-1"]
[WhiteElo "2175"]
[BlackElo "2307"]
[PlyCount "76"]
[EventDate "2009.11.08"]
[EventType "team-tourn"]
[EventRounds "11"]
[EventCountry "HUN"]
[SourceTitle "EXT 2011"]
[Source "ChessBase"]
[SourceDate "2010.11.26"]
[SourceVersion "1"]
[SourceVersionDate "2010.11.26"]
[SourceQuality "1"]
[WhiteTeam "Vizugy"]
[BlackTeam "Barcza"]
[WhiteTeamCountry "HUN"]
[BlackTeamCountry "HUN"]

1. e4 c6 2. d3 d5 3. Nd2 e5 4. Ngf3 Bd6 5. g3 Be6 6. Bg2 d4 7. c3 c5 8. Qa4+ Nc6 9. Nc4 f6 10. Nxd6+ Qxd6 11. cxd4 cxd4 12. Bd2 a6 13. 0-0 Nge7 14. Nh4 0-0 15. a3 b5 16. Qd1 g5 17. Nf5 Nxf5 18. exf5 Bxf5 19. Bb4 Nxb4 20. Bxa8 Nxd3 21. Qf3 Be6 22. b4 Nb2 23. Rfc1 Nc4 24. a4 d3 25. Rc3 g4 26. Qc6 Qxc6 27. Bxc6 Rd8 28. Be4 Nb2 29. axb5 axb5 30. Rc7 d2 31. Bxh7+ Kf8 32. Bc2 d1Q+ 33. Bxd1 Rxd1+ 34. Rxd1 Nxd1 35. Kf1 Bc4+ 36. Ke1 Nc3 37. f3 gxf3 38. Kf2 e4 0-1